| 000 | 01000cam a22002897a 4500 | ||
|---|---|---|---|
| 999 |
_c401 _d401 |
||
| 003 | BD-DhBUF | ||
| 005 | 20181017110527.0 | ||
| 008 | 101216s2012 nyu b 001 0 eng | ||
| 010 | _a 2010052297 | ||
| 020 | _a9780073376301 (alk. paper) | ||
| 020 | _a9781259027406 | ||
| 020 | _a0073376302 | ||
| 040 |
_aDLC _cDLC _dCDX _dEGM _dBD-DhBUF |
||
| 050 | 0 | 0 |
_aTA177.4 _b.B58 2012 |
| 082 | 0 | 0 |
_a658.15 _222 |
| 100 | 1 |
_aBlank, Leland T. _9300 |
|
| 245 | 1 | 0 |
_aEngineering economy / _cLeland Blank, Anthony Tarquin. |
| 250 | _a7th ed. | ||
| 260 |
_aNew Delhi : _bMcGraw-Hill, _cc2012. |
||
| 300 |
_axx, 620 p. : _bill. ; _c28 cm. |
||
| 504 | _aIncludes bibliographical references and index. | ||
| 650 | 0 |
_aEngineering economy. _9293 |
|
| 700 | 1 |
_aTarquin, Anthony J. _9301 |
|
| 856 | 4 | 2 |
_3Publisher description _uhttp://catdir.loc.gov/catdir/enhancements/fy1107/2010052297-d.html |
| 856 | 4 | 1 |
_3Table of contents only _uhttp://catdir.loc.gov/catdir/enhancements/fy1107/2010052297-t.html |
| 942 |
_2ddc _cBK |
||